[Event "SVK-chT2D 2223"]
[Site "Slovakia"]
[Date "2022.11.12"]
[Round "3.4"]
[White "Holubcik, Marian"]
[Black "Sedlakova, Ivana"]
[Result "1-0"]
[WhiteElo "1925"]
[BlackElo "1951"]
[PlyCount "57"]
[EventDate "2022.10.08"]
[EventType "team-tourn"]
[EventRounds "11"]
[EventCountry "SVK"]
[SourceTitle "EXT 2024"]
[Source "ChessBase"]
[SourceDate "2023.10.10"]
[SourceVersion "1"]
[SourceVersionDate "2023.10.10"]
[SourceQuality "1"]
[WhiteTeam "Kosice 1 CC"]
[BlackTeam "Presov Slavia PU"]
[WhiteTeamCountry "SVK"]
[BlackTeamCountry "SVK"]

1. e4 c6 2. d4 d5 3. exd5 cxd5 4. c3 Nc6 5. Bd3 Nf6 6. Bf4 Bg4 7. Qb3 Qd7 8. Nd2 Rc8 9. Ngf3 a6 10. 0-0 e6 11. Ne5 Nxe5 12. dxe5 Nh5 13. Be3 Be7 14. h3 Bf5 15. Be2 g6 16. g4 Ng7 17. gxf5 Nxf5 18. Bd4 g5 19. Qd1 0-0 20. Bd3 f6 21. Qh5 Rf7 22. Kh1 Nxd4 23. cxd4 fxe5 24. dxe5 Rcf8 25. f4 Bb4 26. Nf3 gxf4 27. Rg1+ Kh8 28. Ng5 Rg7 29. Nxe6 1-0

[Event "SVK-chT2D 2122"]
[Site "Slovakia"]
[Date "2022.04.30"]
[Round "10.2"]
[White "Turis, Ondrej"]
[Black "Sedlakova, Ivana"]
[Result "0-1"]
[WhiteElo "1597"]
[BlackElo "1964"]
[PlyCount "64"]
[EventDate "2021.10.16"]
[EventType "team-tourn"]
[EventRounds "11"]
[EventCountry "SVK"]
[SourceTitle "EXT 2023"]
[Source "ChessBase"]
[SourceDate "2022.10.05"]
[SourceVersion "1"]
[SourceVersionDate "2022.10.05"]
[SourceQuality "1"]
[WhiteTeam "Kosice Slavia UPJS III"]
[BlackTeam "Presov Slavia PU"]
[WhiteTeamCountry "SVK"]
[BlackTeamCountry "SVK"]

1. e4 c6 2. d4 d5 3. e5 Bf5 4. Nf3 e6 5. Bd3 Bxd3 6. Qxd3 Ne7 7. Bg5 Qb6 8. Nbd2 h6 9. Be3 Nf5 10. Rb1 Qa6 11. Qxa6 Nxa6 12. 0-0 Be7 13. c3 0-0 14. Ne1 c5 15. Nd3 Rfc8 16. Rbc1 Rc7 17. g4 Nxe3 18. fxe3 Bg5 19. Nf4 Rac8 20. Kg2 b5 21. Kg3 b4 22. Rf3 bxc3 23. Rxc3 c4 24. a3 Rb8 25. b3 cxb3 26. Rxb3 Rxb3 27. Nxb3 Rc3 28. e4 Bh4+ 29. Kg2 Rc2+ 30. Kh3 dxe4 31. Re3 Bg5 32. Kg3 Nc7 0-1

[Event "Drienica Saris op"]
[Site "Drienica"]
[Date "2020.08.15"]
[Round "9"]
[White "Durica, Andrej"]
[Black "Sedlakova, Ivana"]
[Result "0-1"]
[WhiteElo "1911"]
[BlackElo "1983"]
[PlyCount "80"]
[EventDate "2020.08.07"]
[EventType "swiss"]
[EventRounds "9"]
[EventCountry "SVK"]
[SourceTitle "CBM 197 Extra"]
[Source "ChessBase"]
[SourceDate "2020.09.30"]
[SourceVersion "1"]
[SourceVersionDate "2020.09.30"]
[SourceQuality "1"]

1. e4 c6 2. d4 d5 3. e5 Bf5 4. Ne2 e6 5. Ng3 Bg6 6. h4 h6 7. h5 Bh7 8. Bd3 Bxd3 9. cxd3 Qb6 10. Be3 Qxb2 11. Nd2 Bb4 12. Rb1 Bxd2+ 13. Ke2 Qxa2 14. Bxd2 b6 15. Qc1 Qa6 16. f4 Ne7 17. Rf1 Nd7 18. Bb4 c5 19. dxc5 bxc5 20. Bd2 0-0 21. Ra1 Qc6 22. Kf2 Rfc8 23. Qd1 f5 24. Rc1 Qb5 25. Qf3 Nc6 26. Ne2 Nb4 27. Bxb4 cxb4 28. g4 b3 29. gxf5 b2 30. Rb1 exf5 31. Rxb2 Qxb2 32. Qxd5+ Kh8 33. Qxd7 Rc2 34. Re1 Qb6+ 35. Kf1 Qe3 36. Qd5 Rac8 37. Qd4 Qh3+ 38. Kg1 Rxe2 39. Rxe2 Rc1+ 40. Kf2 Rf1# 0-1

[Event "SVK-chT2D 1920"]
[Site "Slovakia"]
[Date "2019.12.14"]
[Round "5.3"]
[White "Sedlakova, Ivana"]
[Black "Kardis, Benjamin"]
[Result "0-1"]
[WhiteElo "1994"]
[BlackElo "2023"]
[PlyCount "80"]
[EventDate "2019.10.26"]
[EventType "team-tourn"]
[EventRounds "11"]
[EventCountry "SVK"]
[SourceTitle "CBM 194 Extra"]
[Source "ChessBase"]
[SourceDate "2020.03.31"]
[SourceVersion "1"]
[SourceVersionDate "2020.03.31"]
[SourceQuality "1"]
[WhiteTeam "Presov Slavia PU"]
[BlackTeam "Presov Tatran Dason"]
[WhiteTeamCountry "SVK"]
[BlackTeamCountry "SVK"]

1. d4 f5 2. c4 Nf6 3. Nc3 g6 4. g3 Bg7 5. Bg2 d6 6. Nf3 0-0 7. 0-0 c6 8. b3 Na6 9. Bb2 Rb8 10. Re1 Bd7 11. Qd2 b5 12. cxb5 cxb5 13. Ng5 Nc7 14. b4 Na8 15. e4 h6 16. Nh3 fxe4 17. Nxe4 Nxe4 18. Rxe4 Bf5 19. Ree1 Rc8 20. Nf4 Rc2 21. Qe3 Rxb2 22. g4 e5 23. gxf5 exf4 24. Qc3 f3 25. Qxb2 fxg2 26. fxg6 Qh4 27. Rad1 Nb6 28. Qb3+ Nc4 29. Qg3 Qh5 30. Qxg2 Rf6 31. Kh1 Rxg6 32. Qe4 d5 33. Qe8+ Kh7 34. Rd3 Nd6 35. Qe2 Ne4 36. Qf1 Rf6 37. f4 Qh4 38. Rf3 Rg6 39. Ree3 Bxd4 40. Rh3 Nf2+ 0-1

[Event "SVK-chT2D 1819"]
[Site "Slovakia"]
[Date "2019.03.02"]
[Round "8.3"]
[White "Sedlakova, Ivana"]
[Black "Varga, Lukas"]
[Result "1/2-1/2"]
[WhiteElo "1955"]
[BlackElo "2035"]
[PlyCount "35"]
[EventDate "2018.10.13"]
[EventType "team-tourn"]
[EventRounds "11"]
[EventCountry "SVK"]
[SourceTitle "CBM 189 Extra"]
[Source "ChessBase"]
[SourceDate "2019.06.03"]
[SourceVersion "1"]
[SourceVersionDate "2019.06.03"]
[SourceQuality "1"]
[WhiteTeam "Presov Slavia PU"]
[BlackTeam "Kosice Slavia UPJS III"]
[WhiteTeamCountry "SVK"]
[BlackTeamCountry "SVK"]

1. d4 Nf6 2. c4 c5 3. Nf3 cxd4 4. Nxd4 e5 5. Nb3 d5 6. cxd5 Nxd5 7. e4 Nb4 8. Bb5+ N8c6 9. Bxc6+ Nxc6 10. Qxd8+ Nxd8 11. 0-0 b6 12. Nc3 Ne6 13. Rd1 Ba6 14. Be3 Be7 15. Nd5 Rc8 16. Rac1 Rc4 17. Nd2 Rxc1 18. Rxc1 1/2-1/2

[Event "SVK-chT2D 1819"]
[Site "Slovakia"]
[Date "2018.12.16"]
[Round "6.4"]
[White "Pcola, Jaroslav1111"]
[Black "Sedlakova, Ivana"]
[Result "1-0"]
[WhiteElo "2113"]
[BlackElo "1955"]
[PlyCount "89"]
[EventDate "2018.10.13"]
[EventType "team-tourn"]
[EventRounds "11"]
[EventCountry "SVK"]
[SourceTitle "CBM 189 Extra"]
[Source "ChessBase"]
[SourceDate "2019.06.03"]
[SourceVersion "1"]
[SourceVersionDate "2019.06.03"]
[SourceQuality "1"]
[WhiteTeam "Humenne Reinter"]
[BlackTeam "Presov Slavia PU"]
[WhiteTeamCountry "SVK"]
[BlackTeamCountry "SVK"]

1. e4 c6 2. Nf3 d5 3. Nc3 Bg4 4. h3 Bxf3 5. Qxf3 e6 6. g3 Nd7 7. Bg2 Ne5 8. Qh5 Ng6 9. 0-0 Nf6 10. Qe2 d4 11. Nd1 Qc7 12. d3 0-0-0 13. f4 h5 14. Bd2 Bc5 15. b4 Bb6 16. Nb2 a6 17. Nc4 Ba7 18. a4 h4 19. g4 e5 20. Nxe5 Nxe5 21. fxe5 Qxe5 22. Bf4 Qe7 23. b5 Nd5 24. bxc6 bxc6 25. Qf3 Nxf4 26. Qxf4 Bb8 27. Qxf7 Qd6 28. Qf5+ Rd7 29. Rf2 g6 30. Qa5 c5 31. e5 Qxe5 32. Qxa6+ Kd8 33. Qxg6 Qh2+ 34. Kf1 Re8 35. Qg5+ Rde7 36. Qd5+ Rd7 37. Qxc5 Bg3 38. Qb6+ Rc7 39. Qf6+ Kc8 40. Qa6+ Kd8 41. Qa8+ Kd7 42. Rf7+ Re7 43. Rf8 Rxc2 44. Qd8+ Ke6 45. Qd5# 1-0

[Event "SVK-chT2D 1819"]
[Site "Slovakia"]
[Date "2018.11.18"]
[Round "4.5"]
[White "Sedlakova, Ivana"]
[Black "Zuscin, Martin"]
[Result "1/2-1/2"]
[WhiteElo "1955"]
[BlackElo "1998"]
[PlyCount "85"]
[EventDate "2018.10.13"]
[EventType "team-tourn"]
[EventRounds "11"]
[EventCountry "SVK"]
[SourceTitle "CBM 187 Extra"]
[Source "ChessBase"]
[SourceDate "2018.11.04"]
[SourceVersion "1"]
[SourceVersionDate "2018.11.04"]
[SourceQuality "1"]
[WhiteTeam "Presov Slavia PU"]
[BlackTeam "Bardejov BSK II"]
[WhiteTeamCountry "SVK"]
[BlackTeamCountry "SVK"]

1. d4 d5 2. c4 e6 3. Nc3 Nf6 4. Bg5 Be7 5. e3 c6 6. Nf3 0-0 7. Bd3 Nbd7 8. 0-0 Qc7 9. Rc1 Re8 10. Qc2 h6 11. Bf4 Bd6 12. Bxd6 Qxd6 13. a3 e5 14. cxd5 Nxd5 15. Nxd5 cxd5 16. dxe5 Nxe5 17. Be2 Bd7 18. Rfd1 Nxf3+ 19. Bxf3 Bc6 20. Qc5 Red8 21. Qxd6 Rxd6 22. Rd4 Rad8 23. Rcd1 f5 24. b4 a6 25. R1d2 Kf7 26. Bd1 Ke6 27. a4 g5 28. Bb3 Ke5 29. f4+ Kf6 30. Kf2 R8d7 31. g3 Rd8 32. h4 R8d7 33. hxg5+ hxg5 34. g4 Rh7 35. Kg3 Re6 36. R2d3 Rhe7 37. gxf5 Rxe3+ 38. Kg4 gxf4 39. Kxf4 Rxd3 40. Rxd3 Re4+ 41. Kf3 d4 42. Bc2 Re3+ 43. Kf4 1/2-1/2

[Event "SVK-chT2D 1718"]
[Site "Slovakia"]
[Date "2018.01.13"]
[Round "5.5"]
[White "Sedlakova, Ivana"]
[Black "Durica, Daniel"]
[Result "0-1"]
[WhiteElo "1980"]
[BlackElo "1996"]
[PlyCount "52"]
[EventDate "2017.10.28"]
[EventType "team-tourn"]
[EventRounds "11"]
[EventCountry "SVK"]
[SourceTitle "EXT 2019"]
[Source "ChessBase"]
[SourceDate "2018.10.10"]
[SourceVersion "1"]
[SourceVersionDate "2018.10.10"]
[SourceQuality "1"]
[WhiteTeam "Presov Slavia"]
[BlackTeam "Presov Tatran II"]
[WhiteTeamCountry "SVK"]
[BlackTeamCountry "SVK"]

1. d4 Nf6 2. c4 e5 3. dxe5 Ne4 4. Nf3 Nc6 5. a3 d6 6. e3 Bg4 7. exd6 Bxd6 8. Be2 Qe7 9. Nbd2 0-0-0 10. Qc2 f5 11. Nxe4 fxe4 12. Nd4 Bd7 13. b4 Qh4 14. g3 Qf6 15. 0-0 h5 16. Bb2 Be5 17. Nxc6 Bxb2 18. Nxa7+ Kb8 19. Ra2 Be5 20. Nb5 h4 21. Qxe4 Bc6 22. Qg4 hxg3 23. fxg3 Qh6 24. Bf3 Qxe3+ 25. Kg2 Rd2+ 26. Rxd2 Qxd2+ 0-1

[Event "SVK-chT1E 1617"]
[Site "Slovakia"]
[Date "2016.12.10"]
[Round "5.7"]
[White "Veselovsky, Jan"]
[Black "Sedlakova, Ivana"]
[Result "1-0"]
[WhiteElo "2068"]
[BlackElo "1964"]
[PlyCount "121"]
[EventDate "2016.10.15"]
[EventType "team-tourn"]
[EventRounds "11"]
[EventCountry "SVK"]
[SourceTitle "EXT 2018"]
[Source "ChessBase"]
[SourceDate "2017.10.13"]
[SourceVersion "1"]
[SourceVersionDate "2017.10.13"]
[SourceQuality "1"]
[WhiteTeam "Bardejov"]
[BlackTeam "Presov Slavia PU"]
[WhiteTeamCountry "SVK"]
[BlackTeamCountry "SVK"]

1. e4 c6 2. d4 d5 3. exd5 cxd5 4. c4 Nf6 5. Nc3 g6 6. cxd5 Bg7 7. Bc4 0-0 8. Nge2 b6 9. 0-0 Bb7 10. Bg5 Na6 11. Qb3 Nc7 12. Nf4 Qd6 13. Nd3 Ncxd5 14. Nb5 Qd8 15. Rfe1 a6 16. Nc3 b5 17. Ne5 Rb8 18. Bf1 e6 19. Rad1 Qb6 20. a3 Rfc8 21. Bh4 Nxc3 22. bxc3 Bd5 23. Qb2 Rc7 24. Re3 Ne4 25. Rde1 Nd6 26. g4 Rbc8 27. Bg3 f6 28. Nf3 Qc6 29. Nd2 Rb7 30. Rxe6 Bxe6 31. Rxe6 Rd7 32. Ne4 Qxe4 33. Rxe4 Nxe4 34. c4 Nxg3 35. hxg3 bxc4 36. Qc3 Rdc7 37. Bg2 Bf8 38. Bd5+ Kg7 39. Be6 Rb8 40. g5 Be7 41. Qa5 Rc6 42. d5 Rc5 43. gxf6+ Kh8 44. Qc3 Bf8 45. d6 Rc6 46. Bxc4 Rxd6 47. Qe5 Rdb6 48. Bxa6 Bd6 49. Qd4 Kg8 50. Bc4+ Kf8 51. Qd5 Ke8 52. a4 Kd8 53. a5 Rb1+ 54. Kg2 Kc7 55. a6 Ra1 56. Bb5 Rb6 57. f7 Ra5 58. f8Q Bxf8 59. Qd7+ Kb8 60. Qd8+ Ka7 61. Qc7+ 1-0

[Event "SVK-chT1E 1617"]
[Site "Slovakia"]
[Date "2016.10.15"]
[Round "1.4"]
[White "Micek, Jaroslav"]
[Black "Sedlakova, Ivana"]
[Result "1-0"]
[WhiteElo "2074"]
[BlackElo "1979"]
[PlyCount "75"]
[EventDate "2016.10.15"]
[EventType "team-tourn"]
[EventRounds "11"]
[EventCountry "SVK"]
[SourceTitle "CBM 175 Extra"]
[Source "ChessBase"]
[SourceDate "2016.12.12"]
[SourceVersion "1"]
[SourceVersionDate "2016.12.12"]
[SourceQuality "1"]
[WhiteTeam "Margecany Eltra"]
[BlackTeam "Presov Slavia PU"]
[WhiteTeamCountry "SVK"]
[BlackTeamCountry "SVK"]

1. d4 d5 2. Bg5 Nf6 3. e3 c5 4. Bxf6 exf6 5. Nf3 Nc6 6. c3 Bg4 7. Be2 Bd6 8. Nbd2 0-0 9. 0-0 Re8 10. dxc5 Bxc5 11. Nb3 Bb6 12. Nbd4 Qd7 13. Qd2 Rad8 14. Bb5 Qd6 15. Rfe1 Bc7 16. g3 a6 17. Bf1 Ne5 18. Bg2 b5 19. h3 Be6 20. Rad1 Qd7 21. Kh2 Bb6 22. Qc2 Nc4 23. Ng1 Qc7 24. Nge2 g5 25. e4 dxe4 26. Bxe4 h5 27. Nxe6 fxe6 28. Nd4 Bxd4 29. cxd4 Qg7 30. Bg6 Re7 31. Bxh5 f5 32. Bf3 Rxd4 33. b3 Ne5 34. Bg2 Rxd1 35. Rxd1 Rd7 36. Re1 f4 37. Rxe5 fxg3+ 38. fxg3 1-0

[Event "SVK-chT2D 1516"]
[Site "Slovakia"]
[Date "2016.02.14"]
[Round "9.4"]
[White "Sedlakova, Ivana"]
[Black "Sestak, Dusan"]
[Result "1-0"]
[WhiteElo "1987"]
[BlackElo "1737"]
[PlyCount "123"]
[EventDate "2015.10.17"]
[EventType "team-tourn"]
[EventRounds "11"]
[EventCountry "SVK"]
[SourceTitle "EXT 2017"]
[Source "ChessBase"]
[SourceDate "2016.10.25"]
[SourceVersion "1"]
[SourceVersionDate "2016.10.25"]
[SourceQuality "1"]
[WhiteTeam "Presov Slavia"]
[BlackTeam "Stara Lubovna SO II"]
[WhiteTeamCountry "SVK"]
[BlackTeamCountry "SVK"]

1. d4 e6 2. c4 Be7 3. Nc3 d5 4. Nf3 Nc6 5. Bf4 a6 6. e3 Nf6 7. Ne5 0-0 8. Nxc6 bxc6 9. c5 Nd7 10. Bd3 e5 11. dxe5 Nxc5 12. Bc2 g6 13. 0-0 Bg5 14. Bxg5 Qxg5 15. f4 Qe7 16. Qf3 Bb7 17. b4 Nd7 18. e4 Nb6 19. a3 Rad8 20. Rad1 d4 21. Na4 Nc4 22. Nc5 Bc8 23. Rfe1 Ne3 24. Rd2 Ng4 25. Ba4 Nxh2 26. Qg3 Ng4 27. Bxc6 Ne3 28. Ba4 a5 29. Nb3 Nc4 30. Rxd4 Rxd4 31. Nxd4 axb4 32. Nc6 Qc5+ 33. Qf2 Qxf2+ 34. Kxf2 bxa3 35. Bb5 Nb6 36. Ra1 Bb7 37. Rxa3 Bxc6 38. Bxc6 Nc8 39. Bb7 Ne7 40. Ke3 Rd8 41. g4 Rb8 42. Ra7 Nc8 43. Bxc8 Rxc8 44. Kd4 Kg7 45. Kc5 h5 46. gxh5 gxh5 47. Kc6 Rd8 48. Rxc7 Rd4 49. f5 Rc4+ 50. Kd6 Rxc7 51. Kxc7 h4 52. Kd7 h3 53. e6 h2 54. e7 h1Q 55. e8Q Qd1+ 56. Kc7 Qc1+ 57. Qc6 Qa3 58. Kd7 Qa7+ 59. Kd6 Qb8+ 60. Kd5 Qb3+ 61. Qc4 Qb7+ 62. Kd4 1-0

[Event "SVK-chT2D 1516"]
[Site "Slovakia"]
[Date "2015.11.08"]
[Round "4.6"]
[White "Lapka, Peter"]
[Black "Sedlakova, Ivana"]
[Result "1-0"]
[WhiteElo "1963"]
[BlackElo "1987"]
[PlyCount "87"]
[EventDate "2015.10.17"]
[EventType "team-tourn"]
[EventRounds "11"]
[EventCountry "SVK"]
[SourceTitle "CBM 169 Extra"]
[Source "ChessBase"]
[SourceDate "2015.12.18"]
[SourceVersion "1"]
[SourceVersionDate "2015.12.18"]
[SourceQuality "1"]
[WhiteTeam "Kosice Dynamo"]
[BlackTeam "Presov Slavia"]
[WhiteTeamCountry "SVK"]
[BlackTeamCountry "SVK"]

1. e4 c6 2. d4 d5 3. Nc3 dxe4 4. Nxe4 Bf5 5. Ng3 Bg6 6. Nf3 Nd7 7. Bd3 Qc7 8. 0-0 Ngf6 9. Re1 Bxd3 10. Qxd3 e6 11. Nf5 0-0-0 12. Ng3 h6 13. Qb3 g5 14. c4 Bd6 15. Qc3 Bf4 16. Ne5 Nxe5 17. dxe5 Nd7 18. Bxf4 gxf4 19. Nh5 Rhg8 20. Nxf4 Rg5 21. Nd3 Rdg8 22. g3 h5 23. Re4 Rf5 24. Rae1 Rgg5 25. h4 Rg7 26. Rf4 Rxf4 27. Nxf4 Qd8 28. Nxh5 Rg4 29. Nf6 Nxf6 30. exf6 Rd4 31. Kg2 Qxf6 32. Re3 c5 33. b3 b6 34. Qe1 Qg6 35. Kh2 Qh5 36. Qe2 Qf5 37. Qf3 Qc2 38. Qxf7 Rd2 39. Qxe6+ Kb7 40. Qe4+ Qxe4 41. Rxe4 Rxf2+ 42. Kh3 Rxa2 43. h5 Rf2 44. Rf4 1-0

[Event "SVK-chT2D 1516"]
[Site "Slovakia"]
[Date "2015.11.07"]
[Round "3.5"]
[White "Kovesi, Ladislav"]
[Black "Sedlakova, Ivana"]
[Result "0-1"]
[WhiteElo "1951"]
[BlackElo "1987"]
[PlyCount "40"]
[EventDate "2015.10.17"]
[EventType "team-tourn"]
[EventRounds "11"]
[EventCountry "SVK"]
[SourceTitle "CBM 169 Extra"]
[Source "ChessBase"]
[SourceDate "2015.12.18"]
[SourceVersion "1"]
[SourceVersionDate "2015.12.18"]
[SourceQuality "1"]
[WhiteTeam "Kosice 1 CC"]
[BlackTeam "Presov Slavia"]
[WhiteTeamCountry "SVK"]
[BlackTeamCountry "SVK"]

1. d4 d5 2. Nf3 Nf6 3. Bg5 Nbd7 4. e3 e6 5. Bd3 c5 6. c3 Bd6 7. 0-0 0-0 8. Re1 Qc7 9. Nbd2 b6 10. Rc1 Bb7 11. e4 dxe4 12. Nxe4 Nxe4 13. Bxe4 Bxe4 14. Rxe4 f6 15. dxc5 Nxc5 16. Rd4 Rad8 17. Bh4 e5 18. Rd5 e4 19. Nd4 Bxh2+ 20. Kh1 Rxd5 0-1

[Event "SVK-chT2D 1516"]
[Site "Slovakia"]
[Date "2015.10.17"]
[Round "1.4"]
[White "Sedlakova, Ivana"]
[Black "Veselovsky, Jan"]
[Result "1/2-1/2"]
[WhiteElo "1987"]
[BlackElo "2031"]
[PlyCount "60"]
[EventDate "2015.10.17"]
[EventType "team-tourn"]
[EventRounds "11"]
[EventCountry "SVK"]
[SourceTitle "CBM 169 Extra"]
[Source "ChessBase"]
[SourceDate "2015.12.18"]
[SourceVersion "1"]
[SourceVersionDate "2015.12.18"]
[SourceQuality "1"]
[WhiteTeam "Presov Slavia"]
[BlackTeam "Bardejov II"]
[WhiteTeamCountry "SVK"]
[BlackTeamCountry "SVK"]

1. d4 d5 2. c4 c6 3. Nc3 Nf6 4. Nf3 e6 5. Bg5 h6 6. Bh4 dxc4 7. e3 b5 8. a4 Bb4 9. Nd2 Bb7 10. Qf3 Bxc3 11. bxc3 Qd5 12. e4 Qh5 13. Qf4 Nbd7 14. Bxf6 gxf6 15. Qc7 Rb8 16. axb5 cxb5 17. Rxa7 Bc8 18. Be2 Qg5 19. Qg3 Qxg3 20. hxg3 Nb6 21. 0-0 0-0 22. Rb1 Bd7 23. e5 fxe5 24. Ne4 exd4 25. Nf6+ Kg7 26. Nxd7 Nxd7 27. Rxd7 dxc3 28. Rc1 b4 29. Bxc4 b3 30. Bxb3 Rxb3 1/2-1/2

[Event "SVK-chT2D 14/15"]
[Site "Slovakia"]
[Date "2014.11.08"]
[Round "3.5"]
[White "Sedlakova, Ivana"]
[Black "Dudasko, Mario"]
[Result "1-0"]
[WhiteElo "2032"]
[BlackElo "1908"]
[PlyCount "69"]
[EventDate "2014.10.11"]
[EventType "team-tourn"]
[EventRounds "11"]
[EventCountry "SVK"]
[SourceTitle "EXT 2019"]
[Source "ChessBase"]
[SourceDate "2018.10.10"]
[SourceVersion "1"]
[SourceVersionDate "2018.10.10"]
[SourceQuality "1"]
[WhiteTeam "Presov Slavia PU"]
[BlackTeam "Spisska Stara Ves"]
[WhiteTeamCountry "SVK"]
[BlackTeamCountry "SVK"]

1. d4 Nf6 2. Nf3 b6 3. g3 e6 4. Bg2 Bb7 5. 0-0 c5 6. c4 cxd4 7. Nxd4 Bxg2 8. Kxg2 Bc5 9. Nc3 0-0 10. e4 Bxd4 11. Qxd4 Nc6 12. Qd1 Rc8 13. f4 d6 14. b3 e5 15. f5 Qe7 16. Bg5 Rfe8 17. Kh1 Nd4 18. Nd5 Qd8 19. Bxf6 gxf6 20. Qg4+ Kh8 21. Qh4 Kg7 22. Rad1 Rg8 23. g4 h6 24. Rd3 b5 25. cxb5 Rc2 26. a4 Re2 27. Rh3 Rh8 28. Nxf6 Qxf6 29. g5 Qd8 30. gxh6+ Kh7 31. Qh5 Rf8 32. Rg1 Qa8 33. Rg7+ Kh8 34. Qg4 Rxe4 35. Rh7+ 1-0

[Event "SVK-chT2D 14/15"]
[Site "Slovakia"]
[Date "2014.10.12"]
[Round "2.5"]
[White "Sedlakova, Ivana"]
[Black "Paluch, Ladislav"]
[Result "1-0"]
[WhiteElo "2032"]
[BlackElo "2022"]
[PlyCount "77"]
[EventDate "2014.10.11"]
[EventType "team-tourn"]
[EventRounds "11"]
[EventCountry "SVK"]
[SourceTitle "EXT 2019"]
[Source "ChessBase"]
[SourceDate "2018.10.10"]
[SourceVersion "1"]
[SourceVersionDate "2018.10.10"]
[SourceQuality "1"]
[WhiteTeam "Presov Slavia PU"]
[BlackTeam "Velke Kapusany Energetik"]
[WhiteTeamCountry "SVK"]
[BlackTeamCountry "SVK"]

1. d4 d5 2. c4 c6 3. Nc3 Nf6 4. Nf3 dxc4 5. e3 b5 6. Ne5 Nfd7 7. Nxd7 Qxd7 8. a4 b4 9. Ne4 Qd5 10. f3 Nd7 11. Qc2 Ba6 12. Nd2 e5 13. Bxc4 Bxc4 14. Qxc4 Qxc4 15. Nxc4 exd4 16. exd4 Be7 17. 0-0 0-0 18. Bf4 Rfe8 19. Rfd1 Bf6 20. Rd2 Nb6 21. Na5 Nd5 22. Be5 Bg5 23. Rc2 Be3+ 24. Kh1 f6 25. Bg3 Bxd4 26. Nxc6 Bb6 27. a5 Be3 28. Rd1 Nf4 29. Nxb4 Nh5 30. Nd5 Bh6 31. Bf2 Rad8 32. g3 a6 33. Bb6 Rd7 34. f4 Kf7 35. Rc7 Rxc7 36. Nxc7 Re2 37. Nxa6 Rxb2 38. Nc7 f5 39. a6 1-0

[Event "SVK-chT2D 14/15"]
[Site "Slovakia"]
[Date "2014.10.11"]
[Round "1.6"]
[White "Sedlakova, Ivana"]
[Black "Harvan, Martin"]
[Result "1/2-1/2"]
[WhiteElo "2032"]
[BlackElo "2090"]
[PlyCount "76"]
[EventDate "2014.10.11"]
[EventType "team-tourn"]
[EventRounds "11"]
[EventCountry "SVK"]
[SourceTitle "EXT 2019"]
[Source "ChessBase"]
[SourceDate "2018.10.10"]
[SourceVersion "1"]
[SourceVersionDate "2018.10.10"]
[SourceQuality "1"]
[WhiteTeam "Presov Slavia PU"]
[BlackTeam "Humenne Reinter II"]
[WhiteTeamCountry "SVK"]
[BlackTeamCountry "SVK"]

1. d4 d5 2. c4 c6 3. Nc3 Nf6 4. Nf3 e6 5. e3 Nbd7 6. Bd3 dxc4 7. Bxc4 b5 8. Bd3 Bd6 9. Qc2 Bb7 10. 0-0 h6 11. Bd2 0-0 12. Rac1 Rc8 13. Ne4 Nxe4 14. Bxe4 Qb6 15. b4 Nf6 16. Bd3 Nd5 17. Qb2 Qd8 18. Bb1 Qe7 19. a3 Nb6 20. Qc2 f5 21. Ba2 g5 22. e4 Kg7 23. exf5 Rxf5 24. Rfe1 Nd5 25. Qe4 Re8 26. h4 Bf4 27. Bxf4 Nxf4 28. hxg5 hxg5 29. g3 Nd5 30. Qxf5 exf5 31. Rxe7+ Rxe7 32. Nxg5 Nc7 33. Kf1 Kf6 34. Nh3 Rh7 35. Ng1 Ne6 36. Rd1 Ng5 37. f3 Rh2 38. Bb1 Rb2 1/2-1/2

[Event "SVK-chT2D 1314"]
[Site "Slovakia"]
[Date "2014.03.16"]
[Round "11.3"]
[White "Hennel, Karol"]
[Black "Sedlakova, Ivana"]
[Result "1-0"]
[WhiteElo "2057"]
[BlackElo "2064"]
[PlyCount "103"]
[EventDate "2013.10.19"]
[EventType "team-tourn"]
[EventRounds "11"]
[EventCountry "SVK"]
[SourceTitle "EXT 2015"]
[Source "ChessBase"]
[SourceDate "2014.11.20"]
[SourceVersion "1"]
[SourceVersionDate "2014.11.20"]
[SourceQuality "1"]
[WhiteTeam "Kezmarok II"]
[BlackTeam "Presov Slavia PU"]
[WhiteTeamCountry "SVK"]
[BlackTeamCountry "SVK"]

1. e4 c6 2. d4 d5 3. Nc3 dxe4 4. Nxe4 Bf5 5. Ng3 Bg6 6. Nh3 h6 7. Nf4 Bh7 8. c3 Nd7 9. Bc4 Nb6 10. Bb3 Nf6 11. 0-0 Qd7 12. Re1 Nfd5 13. c4 Nxf4 14. Bxf4 0-0-0 15. Be3 e6 16. a4 Bb4 17. a5 Na8 18. Rf1 Bd6 19. a6 b6 20. Ba4 Bxg3 21. hxg3 Be4 22. f3 Bg6 23. d5 exd5 24. cxd5 Qe7 25. Qc1 c5 26. Bc6 Nc7 27. Bb7+ Kb8 28. Bf4 Qf6 29. Re1 Bd3 30. Be5 Qg6 31. Qf4 Rd7 32. Bc6 Qf5 33. Bxd7 Qxd7 34. Bxc7+ Qxc7 35. d6 Qd7 36. Re7 Qf5 37. d7+ Qxf4 38. gxf4 Rd8 39. Rxf7 g6 40. Rd1 Bxa6 41. Rd6 Bb5 42. Rxg6 Bxd7 43. Rxh6 b5 44. g4 c4 45. g5 b4 46. g6 Kc7 47. g7 Rg8 48. Rh8 c3 49. bxc3 bxc3 50. Rxg8 c2 51. Rxd7+ Kxd7 52. Rc8 1-0

[Event "SVK-chT2D 1314"]
[Site "Slovakia"]
[Date "2014.02.01"]
[Round "7.2"]
[White "Sedlakova, Ivana"]
[Black "Ackerman, Ernest"]
[Result "1-0"]
[WhiteElo "2064"]
[BlackElo "2089"]
[PlyCount "117"]
[EventDate "2013.10.19"]
[EventType "team-tourn"]
[EventRounds "11"]
[EventCountry "SVK"]
[SourceTitle "EXT 2015"]
[Source "ChessBase"]
[SourceDate "2014.11.20"]
[SourceVersion "1"]
[SourceVersionDate "2014.11.20"]
[SourceQuality "1"]
[WhiteTeam "Presov Slavia PU"]
[BlackTeam "Kosice Tahanovce"]
[WhiteTeamCountry "SVK"]
[BlackTeamCountry "SVK"]

1. d4 d5 2. c4 c6 3. Nc3 e5 4. cxd5 cxd5 5. Qb3 exd4 6. Nb5 a6 7. Nxd4 Nf6 8. Ngf3 Be7 9. g3 0-0 10. Bg2 Nbd7 11. 0-0 Nc5 12. Qd1 Re8 13. b4 Nce4 14. a3 Bd6 15. Bb2 Bd7 16. Rc1 Qb6 17. Nb3 Rac8 18. Qd4 Qxd4 19. Nbxd4 Rxc1 20. Rxc1 Rc8 21. Rxc8+ Bxc8 22. Nb3 Kf8 23. Nfd2 Be7 24. Kf1 g6 25. Ke1 Ke8 26. f3 Nd6 27. f4 Nfe4 28. Be5 f5 29. Nc5 b6 30. Na4 Nxd2 31. Bxd6 Nc4 32. Bxe7 Kxe7 33. Bxd5 Nxa3 34. Nxb6 Be6 35. Bxe6 Kxe6 36. Kd2 Nb5 37. Kd3 Nd6 38. Kd4 h5 39. Nd5 Nb5+ 40. Kc5 Kd7 41. e3 Nd6 42. Kb6 Nc4+ 43. Kc5 Nd2 44. Kb6 Kd6 45. Nc3 Nc4+ 46. Kxa6 Nxe3 47. b5 Kc7 48. b6+ Kb8 49. Nb5 Nd5 50. Nd6 h4 51. b7 hxg3 52. hxg3 Nf6 53. Nf7 Nd7 54. Ne5 Nc5+ 55. Kb6 Nxb7 56. Nxg6 Nd6 57. Ne7 Nc4+ 58. Kc6 Ne3 59. Kd6 1-0